[Event "RUS-chT Clubs U18"]
[Site "Rybinsk"]
[Date "2009.08.10"]
[Round "9"]
[White "Maneluk, Nikita"]
[Black "Makarchev, Alexey"]
[Result "1-0"]
[WhiteElo "2050"]
[BlackElo "1898"]
[PlyCount "83"]
[EventDate "2009.08.02"]
[EventType "team-swiss"]
[EventRounds "9"]
[EventCountry "RUS"]
[SourceTitle "CBM 131 Extra"]
[Source "ChessBase"]
[SourceDate "2009.09.03"]
[SourceVersion "2"]
[SourceVersionDate "2009.09.16"]
[SourceQuality "1"]

1. b3 e5 2. Bb2 Nc6 3. e3 d5 4. Bb5 Bd6 5. f4 Qe7 6. Nf3 Bg4 7. fxe5 Bxe5 8. Bxe5 Bxf3 9. Qxf3 Qxe5 10. 0-0 Nf6 11. Nc3 0-0 12. Bxc6 bxc6 13. Qf4 Qxf4 14. Rxf4 Rfe8 15. Raf1 a5 16. Na4 Re4 17. Nc5 Rb4 18. a3 Rb5 19. Na4 Rf8 20. g4 h6 21. h4 Rbb8 22. Nc3 Nd7 23. Kg2 f6 24. Ne2 c5 25. Kg3 g5 26. Rf5 c6 27. Kh3 Kg7 28. Ng3 Rbe8 29. R5f2 Re6 30. Nf5+ Kg6 31. Kg3 Ne5 32. Rh2 Nf7 33. hxg5 Kxg5 34. Rh5+ Kg6 35. Rfh1 Rh8 36. c4 Re4 37. cxd5 cxd5 38. Nh4+ Kg7 39. Rxd5 Rc8 40. Rd7 Kg8 41. Nf5 Rb8 42. Rxf7 1-0

[Event "RUS-chT Clubs U18"]
[Site "Rybinsk"]
[Date "2009.08.05"]
[Round "4"]
[White "Makarchev, Alexey"]
[Black "Dolbnia, Dmitry"]
[Result "0-1"]
[WhiteElo "1898"]
[BlackElo "2053"]
[PlyCount "58"]
[EventDate "2009.08.02"]
[EventType "team-swiss"]
[EventRounds "9"]
[EventCountry "RUS"]
[SourceTitle "CBM 131 Extra"]
[Source "ChessBase"]
[SourceDate "2009.09.03"]
[SourceVersion "2"]
[SourceVersionDate "2009.09.16"]
[SourceQuality "1"]

1. Nf3 g6 2. c4 Bg7 3. Nc3 e5 4. d3 d6 5. g3 f5 6. Bg2 Nf6 7. e4 c6 8. Qb3 Qe7 9. Nh4 Nbd7 10. exf5 Nc5 11. Qc2 gxf5 12. b4 Na6 13. a3 0-0 14. 0-0 Nc7 15. f4 e4 16. dxe4 fxe4 17. Rb1 d5 18. Be3 b6 19. cxd5 cxd5 20. Rbc1 Ng4 21. Bd2 Ba6 22. b5 Qc5+ 23. Kh1 Nxb5 24. Nxb5 Qxc2 25. Rxc2 Bxb5 26. Re1 Nf2+ 27. Kg1 Nd3 28. Rb1 Bd4+ 29. Kh1 Nf2+ 0-1

[Event "SZFO-ch"]
[Site "St Petersburg"]
[Date "2009.03.26"]
[Round "6"]
[White "Ivanov, Sergey A"]
[Black "Makarchev, Alexey"]
[Result "1-0"]
[WhiteElo "2348"]
[BlackElo "1898"]
[PlyCount "49"]
[EventDate "2009.03.23"]
[EventType "swiss"]
[EventRounds "9"]
[EventCountry "RUS"]
[SourceTitle "EXT 2010"]
[Source "ChessBase"]
[SourceDate "2010.11.25"]
[SourceVersion "1"]
[SourceVersionDate "2010.11.25"]
[SourceQuality "1"]

1. c4 e5 2. Nc3 Nf6 3. Nf3 Nc6 4. e3 d5 5. cxd5 Nxd5 6. Bb5 Nxc3 7. bxc3 Qf6 8. d4 exd4 9. cxd4 a6 10. Be2 Bb4+ 11. Bd2 Bxd2+ 12. Qxd2 0-0 13. 0-0 Qg6 14. Rfc1 Bh3 15. g3 Rfd8 16. Rab1 Qe4 17. Qd3 Qd5 18. Rxb7 Nxd4 19. Nxd4 c5 20. Qb3 Qxb3 21. Nxb3 a5 22. Nxc5 Rac8 23. f3 Rd2 24. Kf2 a4 25. Ra7 1-0